| 000 | 00961nam a2200277 a 4500 | ||
|---|---|---|---|
| 001 | 000043698 | ||
| 003 | DO-SdBNP | ||
| 005 | 20250527115319.0 | ||
| 008 | 140403s2000 dr 000 0 spa d | ||
| 040 |
_aDO-SdBNP _bspa _cBNPHU |
||
| 082 | 4 |
_a658.4 _bR669e, 2000 _222 |
|
| 100 | 1 |
_aRoca E., Frank A. _971519 |
|
| 245 | 1 | 3 |
_aEl estilo de administración de empresas en las grandes firmas del Japón : _buna reseña / _cFrank A. Roca E. |
| 250 | _a2ª ed. | ||
| 260 |
_aSanto Domingo : _bCasa Weber, _c2000. |
||
| 300 |
_a74, [75] p : ; _c21 cm. |
||
| 490 | 1 |
_aAntología de nuestra voz _v62 |
|
| 500 | _aIncluye bibliografía y notas al pie de páginas. | ||
| 504 | _aBibliografía: p.75. | ||
| 590 | _aInventariado, 2018/ YL | ||
| 650 | 0 |
_aAdministración industrial _zJapón _95872 |
|
| 650 | 0 |
_aPlanificación empresarial _91780 |
|
| 830 | 0 |
_aAntología de nuestra voz ; _n62 _971521 |
|
| 910 | _aValidado. Control de calidad EMS | ||
| 942 |
_2ddc _cLBS1 |
||
| 999 |
_c43187 _d43187 |
||